| Tag |
First Indicator |
Second Indicator |
Subfields |
| LEADER |
00000cam a2200000 i 4500 |
| 001 |
in00004026257 |
| 005 |
20190422103930.0 |
| 008 |
180215t20192019nyu 000 0 eng d |
| 020 |
|
|
|a 9780823281077
|q (paperback)
|
| 020 |
|
|
|a 0823281078
|q (paperback)
|
| 035 |
|
|
|a (OCoLC)on1023000179
|
| 040 |
|
|
|a DLC
|e rda
|d DLC
|d UtOrBLW
|
| 043 |
|
|
|a n-us-ny
|
| 049 |
|
|
|a TXAM
|
| 050 |
0 |
0 |
|a F128.35
|b .R63 2019
|
| 082 |
0 |
0 |
|a 974.7/1
|2 23
|
| 100 |
1 |
|
|a Roberts, Sam,
|d 1947-
|e author.
|0 http://id.loc.gov/authorities/names/n93037435
|
| 245 |
1 |
0 |
|a Only in New York :
|b an exploration of the world's most fascinating, frustrating and irrepressible city /
|c Sam Roberts.
|
| 250 |
|
|
|a Revised edition.
|
| 264 |
|
1 |
|a New York :
|b Fordham University Press,
|c [2019]
|
| 264 |
|
4 |
|c ©2019
|
| 300 |
|
|
|a 237 pages ;
|c 23 cm.
|
| 336 |
|
|
|a text
|b txt
|2 rdacontent
|
| 337 |
|
|
|a unmediated
|b n
|2 rdamedia
|
| 338 |
|
|
|a volume
|b nc
|2 rdacarrier
|
| 490 |
1 |
|
|a Empire State Editions
|
| 500 |
|
|
|a Original edition published 2009 by St. Martin's Press.
|
| 505 |
0 |
|
|t Foreword /
|r Pete Hamill --
|g Preface to the Fordham University Press edition --
|t Only in New York.
|t Biggest Apple ;
|t (How) Big Apple? ;
|t Streetlight Named Desire ;
|t Fighting Words ;
|t Go Figure ;
|t Park No Cars ;
|t Where the Boys Are ;
|t To the Wind ;
|t Birds of a Feather ;
|t Where America Begins ;
|t Nose for News ;
|t Fat City ;
|t Alfred E. Newsman ;
|t Angels in America ;
|t Black Like Me ;
|t Who Counts Most? ;
|t Baseball's Greatest Hit ;
|t Scoop ;
|t What's That Sound? ;
|t Sit Tight ;
|t Knowledge of Wealth ;
|t North by Northwest ;
|t Christmas in New York ;
|t What Has Four Wheels ...? ;
|t Open-and-Shut Case ;
|t Eat Your Heart Out --
|t New Yorkers.
|t Place to Die For ;
|t Best Policy ;
|t Survivor ;
|t No More Bull ;
|t Pay as You Go ;
|t Crimes of the Century ;
|t Articles of Faith ;
|t American Gangster ;
|t Satisfying Life ;
|t Court of Public Opinion ;
|t Mayor's Man ;
|t New York's Wild West Side ;
|t Dynasty ;
|t Hymie, We Hardly Knew Ye ;
|t Nowhere to go but up --
|t History Lessons.
|t Lost and Founded ;
|t Summer of Sam ;
|t The little steamboat that could ;
|t Work Is a Four-Letter Word ;
|t What Drives Us ;
|t Election Lore ;
|t Evacuation Day ;
|t First Thanksgiving ;
|t Don't settle for less ;
|t 9/11 ;
|t Dutch Treats ;
|t Washington Squared ;
|t Turnstile Justice ;
|t Green Book ;
|t Thanks for the Lift ;
|t Latest Poop ;
|t Let them eat their words ;
|t Four-Star Finale ;
|t Home, Sweet Home ;
|t Just the Other Day ... ;
|t Tusk, Tusk ;
|t For the Record ;
|t Blizzard of '06 ;
|t Melting Metaphor --
|t My New York.
|t Hail Tilden High ;
|t Making it ;
|t Apartment ;
|t Other Summer of Sam ;
|t Final Confession ;
|t Taking the Boy Out of Brooklyn ;
|t Something to Crow About ;
|t Please Don't Stop the Presses ;
|t Affair of the Heart ;
|t Next ;
|t Seen on the Subway ;
|t Brownsville ;
|t Obama's New York.
|
| 600 |
1 |
0 |
|a Roberts, Sam,
|d 1947-
|x Travel
|z New York (State)
|z New York.
|
| 651 |
|
0 |
|a New York (N.Y.)
|v Miscellanea.
|
| 651 |
|
0 |
|a New York (N.Y.)
|x Description and travel.
|0 http://id.loc.gov/authorities/subjects/sh85091415
|
| 651 |
|
0 |
|a New York (N.Y.)
|x Social life and customs.
|0 http://id.loc.gov/authorities/subjects/sh85091434
|
| 650 |
|
0 |
|a City and town life
|z New York (State)
|z New York.
|0 http://id.loc.gov/authorities/subjects/sh2009119875
|
| 651 |
|
0 |
|a New York (N.Y.)
|v Biography.
|0 http://id.loc.gov/authorities/subjects/sh2008108454
|
| 830 |
|
0 |
|a Empire state editions.
|
| 945 |
|
|
|b 837724
|
| 947 |
|
|
|a A14850561094
|
| 948 |
|
|
|a cataloged
|b h
|c 2019/1/9
|d c
|e dmitchel
|f 8:00:00 am
|
| 994 |
|
|
|a 92
|b TXA
|
| 999 |
f |
f |
|s d90f083e-8856-3a89-82cd-2e768fadde1e
|i bf574644-7dd0-365b-8595-977c943e1ebf
|t 0
|
| 952 |
f |
f |
|p normal
|a Texas A&M University
|b College Station
|c Sterling C. Evans Library
|d Evans: Library Stacks
|t 0
|e F128.35 .R63 2019
|h Library of Congress classification
|i unmediated -- volume
|m A14850561094
|
| 998 |
f |
f |
|a F128.35 .R63 2019
|t 0
|l Evans: Library Stacks
|